000 00530nam a2200193Ia 4500
003 GCL
008 140319s9999 xx 000 0 ara d
040 _aGCL /
_cGCL
082 0 4 _a817.008
_bع ك
100 1 _aعبدالستار الهوارى
245 1 0 _aالكتاب الضاحك /
_cعبدالستار الهوارى
300 _a98 ص
490 _a
650 0 4 _aالادب العربى
650 0 4 _aالاهاجى والفكاهات
650 0 4 _aالنوادر
650 0 4 _aالفكاهات
942 _2ddc
_cBK
999 _c38368
_d38368